Rethinking elite research /

Αποθηκεύτηκε σε:
Λεπτομέρειες βιβλιογραφικής εγγραφής
Κύριος συγγραφέας: Froud, Julie
Άλλοι συγγραφείς: Mike Savage, Mike, Tampubolon, Gindo, Williams, Karel
Μορφή: Κείμενο
Σειρά:Working Paper 12
Ετικέτες: Προσθήκη ετικέτας
Δεν υπάρχουν, Καταχωρήστε ετικέτα πρώτοι!

MARC

LEADER 00000 a a2200000 04500
001 43808
003
040
100 |a Froud, Julie  
245 |a Rethinking elite research /  |c Julie Froud ; Mike Savage ; Gindo Tampubolon ; Karel Williams  
440 |a Working Paper   |v 12  
700 |a Mike Savage, Mike  
700 |a Tampubolon, Gindo  
700 |a Williams, Karel  
773 |g páginas 1-20  
999 |c 32395  |d 32395